Maltese Political Party Leaders - Statistics

General Stats
  • This quiz has been taken 16 times
    10 since last reset
  • The average score is 20 of 32
Answer Stats
Answer % Correct
2017-2020 Adrian Delia
100%
2025-Present Alex Borg
100%
2013-2017 Simon Busuttil
100%
1992-2008 Alfred Sant
80%
2020-2025 Bernard Grech
80%
1949-1984 Dom Mintoff
80%
1977-2004 Eddie Fenech Adami
80%
1950-1977 Gorg Borg Olivier
80%
2008-2020 Joseph Muscat
80%
1984-1992 Karmenu Mifsud Bonnici
80%
2004-2013 Lawrence Gonzi
80%
1928-1949 Paul Boffa
80%
2020-Present Robert Abela
80%
2023-Present Sandra Gauci
80%
1989-1999 Wenzu Mintoff
80%
2008-2009 Arnold Cassola
60%
2013-2017 Arnold Cassola
60%
1905-1926 Enrico Mizzi
60%
1940-1950 Enrico Mizzi
60%
1880-1905 Fortunato Mizzi
60%
1926-1940 Sir Ugo Pasquale Mifsud
60%
1925-1927 William Savona
60%
2017-2020 Carmel Cacopardo
40%
2020-2023 Carmel Cacopardo
40%
2008 Charles Mangion
40%
2009-2013 Michael Briguglio
40%
1927-1928 Michael Dundon
40%
2017-2018 Anthony Buttigieg
20%
2018-2019 Godfrey Farrugia
20%
2016-2017 Marlene Farrugia
20%
2019-2020 Timothy Alden
20%
1999-2008 Harry Vassallo
0%
No matching quizzes found
Score Distribution
Percent of People with Each Score
Percentile by Number Answered
Your Score History
You have not taken this quiz since the last reset